LIBRARY & INFORMATION CENTRE, KCAET, TAVANUR

ONLINE PUBLIC ACCESS CATALOGUE (OPAC)

Practical Hydrology / (Record no. 4987)

MARC details
000 -LEADER
fixed length control field 00444cam a2200169ua 4500
041 ## - LANGUAGE CODE
Language code of text/sound track or separate title eng
082 ## - DEWEY DECIMAL CLASSIFICATION NUMBER
Classification number 551.48
Item number RAN/PR
100 ## - MAIN ENTRY--AUTHOR NAME
Personal name Ranjith Kumar, Ghosh .
245 ## - TITLE STATEMENT
Title Practical Hydrology /
260 ## - PUBLICATION, DISTRIBUTION, ETC. (IMPRINT)
Place of publication West Bengal :
Name of publisher Faculty of Agriculture Engineering ,
Year of publication 1999.
300 ## - PHYSICAL DESCRIPTION
Number of Pages 143 ; .
942 ## - ADDED ENTRY ELEMENTS (KOHA)
Koha item type Books
Holdings
Withdrawn status Lost status Damaged status Home library Current library Date acquired Full call number Accession Number Koha item type
      KAUAET KAUAET 07/04/2012 551.48 RAN/PR 20461 Books
free website counter